000
00305nam a22001457a 4500
008
210311b ||||| |||| 00| 0 eng d
020
_a
9780030565410
041
_a
eng
080
_a
573
082
_a
573
100
_a
11
101
_a
BIO
245
_a
Modern Biology
_c
Feldkamp, S
942
_2
udc
_c
BK
999
_c
56371
_d
56371